01646nam a22003617a 4500003000500000005001700005008004100022010001100063011001100074035001100085040000900096082001600105110008600121245013200207260003200339300005600371500015700427534006300584590002800647590002800675590002800703590002900731650004300760650003000803650002900833650003000862901000700892942001500899949006800914999001900982952013601001952014701137CHAP20240503120057.0110919s2009 es a r 00010 spa d a102134 a103106 a113795 cCHAP04a362.1bOc191 aOrganización para la Cooperación y el Desarrollo Económicos. París98355910aPanorama de la salud 2007 :blos indicadores de la OCDEc/por Organización para la Cooperación y el Desarrollo Económicos aMadrid, Esp. :bOCDE,c2009 a194 p. :bilus., gráfs. tablas, + CD (4 3/4 Plg.) aConsulta del CD en: http://ceres.chapingo.mx (Material complementario del libro impreso) Gobierno de España MINISTERIO DE SANIDAD Y POLÍTICA SOCIAL. pTít. originaltHealth a a Glance -- OCDE indicators 2007 aBATCH-UPDb10c20130110 aBATCH-UPDb10c20130410 aBATCH-UPDb10c20130914 aCONVERSIONb10c2013010914aEspañaxCondiciones sociales.93769714aPolítica social.99069614aSalud pública.910181314aSeguridad social.9103676 aBK cLIBRO2ddc a362.1 Oc19bBCcLIBROd33724002311040eLIBROh115839i113795si c102134d102134 00102ddc4052708GRALaBCbBCcPA_GRALd2019-12-31fLIBROl0o362.1 Oc19p33724002311040r2019-12-31 00:00:00w2019-12-31yLIBRO 00102ddc4051708MMaBCbBCcPP_MMd2024-05-03l0o362.1 Oc19p33724002588098r2024-05-03 00:00:00w2024-05-03yCDzMaterial complementario